|
|
|
|
| LEADER |
00000nab a2200000 a 4500 |
| 001 |
vtls008182314 |
| 003 |
SK-MaSNL |
| 005 |
20260303080318.0 |
| 008 |
050701 2004 xo w n 000 0 slo |
| 015 |
|
|
|a SLLK2004
|2 sllk
|
| 040 |
|
|
|a SLLK
|b slo
|c SLLK
|e AACR2
|
| 041 |
0 |
|
|a slo
|
| 044 |
|
|
|a xo
|c SK
|
| 080 |
|
|
|a 379.82
|2 UDC-MRF-SK2
|
| 245 |
0 |
0 |
|a Deti deťom
|c Text a foto (eo)
|
| 300 |
|
|
|b Fotogr.
|
| 610 |
2 |
7 |
|a Ľubovnianske osvetové stredisko (Stará Ľubovňa, Slovensko)
|2 snkbucl
|9 59334
|
| 611 |
2 |
7 |
|a Deti deťom
|n 6.
|d 2004
|c Stará Ľubovňa, Slovensko
|2 sllk
|9 1082015
|
| 650 |
0 |
7 |
|a záujmová činnosť
|2 snkbucl
|9 3674
|
| 651 |
|
7 |
|a Stará Ľubovňa (Slovensko)
|2 sllk
|9 19193
|
| 773 |
0 |
|
|t Ľubovnianske noviny
|g Roč. XXX, č. 50-51 (16.12.2004), s. [2]
|
| 852 |
|
|
|a SLLK
|b KIS3GCP
|
| 999 |
|
|
|c 1779921
|d 1781851
|